| 000 | 00590nam a2200193Ia 4500 | ||
|---|---|---|---|
| 003 | GCL | ||
| 008 | 140319s9999 xx 000 0 ara d | ||
| 040 |
_aGCL / _cGCL |
||
| 082 | 0 | 4 |
_a149.2 _bف ف |
| 100 | 1 | _aفتحى التريكى | |
| 245 | 1 | 0 |
_aالفلسفة الشريدة : دراسات فى الفلسفة المعاصرة / _cفتحى التريكى |
| 260 |
_a[S.N] : _bمركز الانماء القومى ، _c1992 |
||
| 300 | _a850 ص | ||
| 490 | _a | ||
| 650 | 0 | 4 | _aالفلسفة |
| 650 | 0 | 4 | _aالفلسفة الحديثة |
| 650 | 0 | 4 | _aالسلطة |
| 942 |
_2ddc _cBK |
||
| 999 |
_c34430 _d34430 |
||